<?xml version="1.0" encoding="UTF-8"?>
<record
    xmlns:xsi="http://www.w3.org/2001/XMLSchema-instance"
    xsi:schemaLocation="http://www.loc.gov/MARC21/slim http://www.loc.gov/standards/marcxml/schema/MARC21slim.xsd"
    xmlns="http://www.loc.gov/MARC21/slim">

  <leader>00421nam a2200157Ia 4500</leader>
  <datafield tag="100" ind1=" " ind2=" ">
    <subfield code="a">Jang/J.S/ Sun/C.T </subfield>
  </datafield>
  <datafield tag="650" ind1=" " ind2=" ">
    <subfield code="a">Neuro fuzzy</subfield>
  </datafield>
  <datafield tag="942" ind1=" " ind2=" ">
    <subfield code="c">RB</subfield>
  </datafield>
  <datafield tag="366" ind1=" " ind2=" ">
    <subfield code="f">25</subfield>
  </datafield>
  <datafield tag="654" ind1=" " ind2=" ">
    <subfield code="a">neuro fuzzy</subfield>
  </datafield>
  <datafield tag="245" ind1=" " ind2=" ">
    <subfield code="a">Neuro fuzzy and soft computing: A computational approach to learning and machine intelligence</subfield>
  </datafield>
  <datafield tag="260" ind1=" " ind2=" ">
    <subfield code="b">Prentice -Hall of India</subfield>
    <subfield code="c">1997</subfield>
  </datafield>
  <datafield tag="082" ind1=" " ind2=" ">
    <subfield code="a">4.6</subfield>
    <subfield code="b">JAN</subfield>
  </datafield>
  <datafield tag="300" ind1=" " ind2=" ">
    <subfield code="a">614</subfield>
  </datafield>
  <datafield tag="546" ind1=" " ind2=" ">
    <subfield code="a">ENGLISH</subfield>
    <subfield code="c">PAMPHALETS</subfield>
  </datafield>
  <datafield tag="999" ind1=" " ind2=" ">
    <subfield code="c">21340</subfield>
    <subfield code="d">21340</subfield>
  </datafield>
  <datafield tag="952" ind1=" " ind2=" ">
    <subfield code="0">0</subfield>
    <subfield code="1">0</subfield>
    <subfield code="4">0</subfield>
    <subfield code="7">0</subfield>
    <subfield code="8">CRC</subfield>
    <subfield code="a">CRCE</subfield>
    <subfield code="b">CRCE</subfield>
    <subfield code="d">2023-03-17</subfield>
    <subfield code="e">Professional  Book House</subfield>
    <subfield code="g">262.50</subfield>
    <subfield code="i">47 dt 04/08/2010</subfield>
    <subfield code="l">0</subfield>
    <subfield code="o">4.6 JAN</subfield>
    <subfield code="p">20769</subfield>
    <subfield code="r">2023-03-17</subfield>
    <subfield code="v">350.00</subfield>
    <subfield code="w">0000-00-00</subfield>
    <subfield code="y">RB</subfield>
  </datafield>
  <datafield tag="952" ind1=" " ind2=" ">
    <subfield code="0">0</subfield>
    <subfield code="1">0</subfield>
    <subfield code="4">0</subfield>
    <subfield code="7">0</subfield>
    <subfield code="8">CRC</subfield>
    <subfield code="a">CRCE</subfield>
    <subfield code="b">CRCE</subfield>
    <subfield code="d">2023-03-17</subfield>
    <subfield code="e">Professional  Book House</subfield>
    <subfield code="g">262.50</subfield>
    <subfield code="i">47 dt 04/08/2010</subfield>
    <subfield code="l">0</subfield>
    <subfield code="o">4.6 JAN</subfield>
    <subfield code="p">20770</subfield>
    <subfield code="r">2023-03-17</subfield>
    <subfield code="v">350.00</subfield>
    <subfield code="w">0000-00-00</subfield>
    <subfield code="y">BK</subfield>
  </datafield>
  <datafield tag="952" ind1=" " ind2=" ">
    <subfield code="0">0</subfield>
    <subfield code="1">0</subfield>
    <subfield code="4">0</subfield>
    <subfield code="7">0</subfield>
    <subfield code="8">CRC</subfield>
    <subfield code="a">CRCE</subfield>
    <subfield code="b">CRCE</subfield>
    <subfield code="d">2023-03-17</subfield>
    <subfield code="e">Professional  Book House</subfield>
    <subfield code="g">262.50</subfield>
    <subfield code="i">47 dt 04/08/2010</subfield>
    <subfield code="l">0</subfield>
    <subfield code="o">4.6 JAN</subfield>
    <subfield code="p">20771</subfield>
    <subfield code="r">2023-03-17</subfield>
    <subfield code="v">350.00</subfield>
    <subfield code="w">0000-00-00</subfield>
    <subfield code="y">BK</subfield>
  </datafield>
  <datafield tag="952" ind1=" " ind2=" ">
    <subfield code="0">0</subfield>
    <subfield code="1">0</subfield>
    <subfield code="4">0</subfield>
    <subfield code="7">0</subfield>
    <subfield code="8">CRC</subfield>
    <subfield code="a">CRCE</subfield>
    <subfield code="b">CRCE</subfield>
    <subfield code="d">2023-03-17</subfield>
    <subfield code="e">Professional  Book House</subfield>
    <subfield code="g">262.50</subfield>
    <subfield code="i">47 dt 04/08/2010</subfield>
    <subfield code="l">0</subfield>
    <subfield code="o">4.6 JAN</subfield>
    <subfield code="p">20772</subfield>
    <subfield code="r">2023-03-17</subfield>
    <subfield code="v">350.00</subfield>
    <subfield code="w">0000-00-00</subfield>
    <subfield code="y">BK</subfield>
  </datafield>
  <datafield tag="952" ind1=" " ind2=" ">
    <subfield code="0">0</subfield>
    <subfield code="1">0</subfield>
    <subfield code="4">0</subfield>
    <subfield code="7">0</subfield>
    <subfield code="8">CRC</subfield>
    <subfield code="a">CRCE</subfield>
    <subfield code="b">CRCE</subfield>
    <subfield code="d">2023-03-17</subfield>
    <subfield code="e">Professional  Book House</subfield>
    <subfield code="g">262.50</subfield>
    <subfield code="i">47 dt 04/08/2010</subfield>
    <subfield code="l">0</subfield>
    <subfield code="o">4.6 JAN</subfield>
    <subfield code="p">20773</subfield>
    <subfield code="r">2023-03-17</subfield>
    <subfield code="v">350.00</subfield>
    <subfield code="w">0000-00-00</subfield>
    <subfield code="y">BK</subfield>
  </datafield>
  <datafield tag="952" ind1=" " ind2=" ">
    <subfield code="0">0</subfield>
    <subfield code="1">0</subfield>
    <subfield code="4">0</subfield>
    <subfield code="7">0</subfield>
    <subfield code="8">CRC</subfield>
    <subfield code="a">CRCE</subfield>
    <subfield code="b">CRCE</subfield>
    <subfield code="d">2023-03-17</subfield>
    <subfield code="e">Professional  Book House</subfield>
    <subfield code="g">262.50</subfield>
    <subfield code="i">47 dt 04/08/2010</subfield>
    <subfield code="l">0</subfield>
    <subfield code="o">4.6 JAN</subfield>
    <subfield code="p">20774</subfield>
    <subfield code="r">2023-03-17</subfield>
    <subfield code="v">350.00</subfield>
    <subfield code="w">0000-00-00</subfield>
    <subfield code="y">BK</subfield>
  </datafield>
  <datafield tag="952" ind1=" " ind2=" ">
    <subfield code="0">0</subfield>
    <subfield code="1">0</subfield>
    <subfield code="4">0</subfield>
    <subfield code="7">0</subfield>
    <subfield code="8">CRC</subfield>
    <subfield code="a">CRCE</subfield>
    <subfield code="b">CRCE</subfield>
    <subfield code="d">2023-03-17</subfield>
    <subfield code="e">Professional  Book House</subfield>
    <subfield code="g">262.50</subfield>
    <subfield code="i">47 dt 04/08/2010</subfield>
    <subfield code="l">0</subfield>
    <subfield code="o">4.6 JAN</subfield>
    <subfield code="p">20775</subfield>
    <subfield code="r">2023-03-17</subfield>
    <subfield code="v">350.00</subfield>
    <subfield code="w">0000-00-00</subfield>
    <subfield code="y">BK</subfield>
  </datafield>
  <datafield tag="952" ind1=" " ind2=" ">
    <subfield code="0">0</subfield>
    <subfield code="1">0</subfield>
    <subfield code="4">0</subfield>
    <subfield code="7">0</subfield>
    <subfield code="8">CRC</subfield>
    <subfield code="a">CRCE</subfield>
    <subfield code="b">CRCE</subfield>
    <subfield code="d">2023-03-17</subfield>
    <subfield code="e">Professional  Book House</subfield>
    <subfield code="g">262.50</subfield>
    <subfield code="i">47 dt 04/08/2010</subfield>
    <subfield code="l">0</subfield>
    <subfield code="o">4.6 JAN</subfield>
    <subfield code="p">20776</subfield>
    <subfield code="r">2023-03-17</subfield>
    <subfield code="v">350.00</subfield>
    <subfield code="w">0000-00-00</subfield>
    <subfield code="y">BK</subfield>
  </datafield>
  <datafield tag="952" ind1=" " ind2=" ">
    <subfield code="0">0</subfield>
    <subfield code="1">0</subfield>
    <subfield code="4">0</subfield>
    <subfield code="7">0</subfield>
    <subfield code="8">CRC</subfield>
    <subfield code="a">CRCE</subfield>
    <subfield code="b">CRCE</subfield>
    <subfield code="d">2023-03-17</subfield>
    <subfield code="e">Professional  Book House</subfield>
    <subfield code="g">262.50</subfield>
    <subfield code="i">47 dt 04/08/2010</subfield>
    <subfield code="l">0</subfield>
    <subfield code="o">4.6 JAN</subfield>
    <subfield code="p">20777</subfield>
    <subfield code="r">2023-03-17</subfield>
    <subfield code="v">350.00</subfield>
    <subfield code="w">0000-00-00</subfield>
    <subfield code="y">BK</subfield>
  </datafield>
  <datafield tag="952" ind1=" " ind2=" ">
    <subfield code="0">0</subfield>
    <subfield code="1">0</subfield>
    <subfield code="4">0</subfield>
    <subfield code="7">0</subfield>
    <subfield code="8">CRC</subfield>
    <subfield code="a">CRCE</subfield>
    <subfield code="b">CRCE</subfield>
    <subfield code="d">2023-03-17</subfield>
    <subfield code="e">Professional  Book House</subfield>
    <subfield code="g">262.50</subfield>
    <subfield code="i">47 dt 04/08/2010</subfield>
    <subfield code="l">0</subfield>
    <subfield code="o">4.6 JAN</subfield>
    <subfield code="p">20778</subfield>
    <subfield code="r">2023-03-17</subfield>
    <subfield code="v">350.00</subfield>
    <subfield code="w">0000-00-00</subfield>
    <subfield code="y">BK</subfield>
  </datafield>
</record>
